000 00380nam a2200157Ia 4500
008 231217s9999 xx 000 0 und d
020 _a8173713200
041 _aEnglish
082 _a658.3125 GIL;1 R
100 _aGillen, Terry.
245 0 _aAppraisal discussion
260 _c2000
_bUniversities Press
_aHyderabad
300 _a71
650 _aAppraisal
942 _cAA
999 _c185991
_d185991